<?xml version="1.0" encoding="UTF-8"?>
<record
    xmlns:xsi="http://www.w3.org/2001/XMLSchema-instance"
    xsi:schemaLocation="http://www.loc.gov/MARC21/slim http://www.loc.gov/standards/marcxml/schema/MARC21slim.xsd"
    xmlns="http://www.loc.gov/MARC21/slim">

  <leader>01107nam a22002177a 4500</leader>
  <controlfield tag="003">OSt</controlfield>
  <controlfield tag="005">20231006150805.0</controlfield>
  <controlfield tag="008">231006b           ||||| |||| 00| 0 spa d</controlfield>
  <datafield tag="040" ind1=" " ind2=" ">
    <subfield code="c">CO-MqBPB</subfield>
  </datafield>
  <datafield tag="041" ind1=" " ind2=" ">
    <subfield code="a">spa</subfield>
  </datafield>
  <datafield tag="082" ind1=" " ind2=" ">
    <subfield code="a">860.288</subfield>
    <subfield code="b">V17d</subfield>
  </datafield>
  <datafield tag="100" ind1=" " ind2=" ">
    <subfield code="a">V&#xE1;squez Zawadzki, Carlos. </subfield>
  </datafield>
  <datafield tag="245" ind1=" " ind2=" ">
    <subfield code="a">Poetas colombianos, Lectura de poemas del libro Diario para Beatriz / </subfield>
    <subfield code="c">Carlos V&#xE1;squez Sawadzki.</subfield>
  </datafield>
  <datafield tag="500" ind1=" " ind2=" ">
    <subfield code="a">
Lectura realizada el 22 de Junio de 1995.</subfield>
  </datafield>
  <datafield tag="505" ind1=" " ind2=" ">
    <subfield code="a">
Anuncio / Mar&#xED;a Mercedes Carranza (0:41 min.) ; Presentaci&#xF3;n de Carlos V&#xE1;squez Sawadzki / Juan Gustavo Cobo Borda (8:15 min.) ; Introducci&#xF3;n a su lectura (12:55 min.) ; Suis oliter (sic) (1:15 min.) ; Respuestas (1:37 min.) ; Atrapado (0:25 min.) ; El mito de tu cuerpo (1:07 min.) ; El camino se detiene (0:50 min.) ; Un silencio un&#xE1;nime (0:43 min.) ; Diario para Beatriz (2:00 min.)</subfield>
  </datafield>
  <datafield tag="650" ind1=" " ind2=" ">
    <subfield code="a"> Poes&#xED;a colombiana </subfield>
    <subfield code="x">Compact disc Interpretaci&#xF3;n oral de poes&#xED;a</subfield>
  </datafield>
  <datafield tag="650" ind1=" " ind2=" ">
    <subfield code="a"> Compact disc</subfield>
  </datafield>
  <datafield tag="700" ind1=" " ind2=" ">
    <subfield code="a">Carranza, Mar&#xED;a Mercedes, </subfield>
    <subfield code="d">1945-2003. </subfield>
  </datafield>
  <datafield tag="700" ind1=" " ind2=" ">
    <subfield code="a">Cobo Borda, Juan Gustavo, </subfield>
    <subfield code="d">1948-2022. </subfield>
  </datafield>
  <datafield tag="942" ind1=" " ind2=" ">
    <subfield code="2">ddc</subfield>
    <subfield code="c">CDROM</subfield>
  </datafield>
  <datafield tag="999" ind1=" " ind2=" ">
    <subfield code="c">15061</subfield>
    <subfield code="d">15061</subfield>
  </datafield>
  <datafield tag="952" ind1=" " ind2=" ">
    <subfield code="0">0</subfield>
    <subfield code="1">0</subfield>
    <subfield code="2">ddc</subfield>
    <subfield code="4">0</subfield>
    <subfield code="7">0</subfield>
    <subfield code="8">MUL</subfield>
    <subfield code="a">BPMOS</subfield>
    <subfield code="b">BPMOS</subfield>
    <subfield code="d">2023-10-06</subfield>
    <subfield code="e">Dotaci&#xF3;n Biblioteca 2023</subfield>
    <subfield code="l">0</subfield>
    <subfield code="o">860.288 V17d</subfield>
    <subfield code="p">MOS503368</subfield>
    <subfield code="r">2023-10-06</subfield>
    <subfield code="t">Ej. 1</subfield>
    <subfield code="w">2023-10-06</subfield>
    <subfield code="y">CDROM</subfield>
    <subfield code="z">Tres d&#xED;as</subfield>
  </datafield>
</record>
